• 首页
  • 本馆介绍
  • 公告通知
  • 最新文献
  • 馆藏检索
  • 电子资源
  • 读者导购
  • 参考咨询
  • 我的图书馆
  • 登录
  • 详细信息显示
  • 放入我的书架
  • 预约/预借图书
  • 作者相关作品
  • 分类相关作品
  • 丛书相关作品
  • 出版社相关作品

书目信息

  • 表格格式
  • 工作单格式
  • 卡片格式
题名:
光学设计
    
 
作者: 刘钧 , 高明 编著
分册:  
出版信息: 北京   国防工业出版社  2012
页数: 290页
开本: 26cm
丛书名:
单 册:
中图分类: TH740.2
科图分类:
主题词: 光学设计--高等学校--教材 , 光学设计
电子资源:
ISBN: 978-7-118-07726-1
000 00924nam0 2200265 450
001 524
005 20140910085323.45
010    @a978-7-118-07726-1@dCNY34.00
100    @a20120313d2012 em y0chiy50 ea
101 0  @achi
102    @aCN@b110000
105    @aa z 000yy
106    @ar
200 1  @a光学设计@AGuang Xue She Ji@f刘钧,高明编著@FLiu Jun, Gao Ming Bian Zhu
210    @a北京@c国防工业出版社@d2012
215    @a290页@c图@d26cm
300    @a普通高等院校光电工程系列“十二五”规划教材
330    @a本书系统地论述了光学设计的基本理论及设计方法。重点介绍了具有普遍意义的典型光学系统有关设计内容,以阐明光学设计中带有共性的问题,并列举了一些科研设计实例。
606 0  @a光学设计@x高等学校@j教材
606 0  @a光学设计
690    @aTH740.2@v5
701  0 @a刘钧@ALiu Jun@g(光学)@4编著
701  0 @a高明@AGao Ming@g(光电仪器)@4编著
801  0 @aCN@bTANGWEI@c20140603
905    @b0837874-76@dTH740.2@e56@f3
    
    光学设计/刘钧,高明编著.-北京:国防工业出版社,2012
    290页:图;26cm
    普通高等院校光电工程系列“十二五”规划教材
    
    ISBN 978-7-118-07726-1:CNY34.00
    本书系统地论述了光学设计的基本理论及设计方法。重点介绍了具有普遍意义的典型光学系统有关设计内容,以阐明光学设计中带有共性的问题,并列举了一些科研设计实例。
●
相关链接 在E读中查询图书 在五车中查询图书 在当当中查询图书 在豆瓣中查询图书


正题名:光学设计     索取号:TH740.2/56         预约/预借

序号 登录号 条形码 馆藏地/架位号 状态 备注
1 0837874   208378744   第二样本阅览室/ [索取号:TH740.2/56] 在馆    
2 0837875   208378753   密集书库-物理学院/ [索取号:TH740.2/56] 在馆    
3 0837876   208378762   第三借阅区/ [索取号:TH740.2/56] 在馆    
唐山师范学院图书馆 欢迎您!
大连网信软件有限公司© 版权所有